"Лучшая мужская роль" - фильмы-лауреаты премии "Оскар" - Statistics

General Stats
  • This quiz has been taken 14 times
  • The average score is 37 of 99
Answer Stats
Год Фильм Роль Актёр % Correct
2016 "Выживший" Хью Гласс Леонардо ди Каприо
100%
1994 "Филадельфия" Эндрю Бекет Том Хэнкс
85%
1995 "Форрест Гамп" Форрест Гамп Том Хэнкс
85%
2020 "Джокер" Артур Флек / Джокер Хоакин Феникс
85%
2022 "Король Ричард" Ричард Уильямс Уилл Смит
85%
1992 "Молчание ягнят" Ганнибал Лектер Энтони Хопкинс
77%
2001 "Гладиатор" Максимус Рассел Кроу
77%
2014 "Далласский клуб покупателей" Рон Рудруф Мэттью Макконахи
77%
2019 "Богемская рапсодия" Фредди Меркьюри Рами Малек
77%
2021 "Отец" Энтони Энтони Хопкинс
77%
1976 "Пролетая над гнездом кукушки" Рэндл Патрик Макмёрфи Джек Николсон
69%
1980 "Крамер против Крамера" Тед Крамер Дастин Хоффман
69%
1989 "Человек дождя" Рэймонд Бэббит Дастин Хоффман
69%
1993 "Запах женщины" подполковник Фрэнк Слэйд Аль Пачино
69%
1998 "Лучше не бывает" Мелвин Юделл Джек Николсон
69%
2000 "Красота по-американски" Лестер Бёрнэм Кевин Спейси
69%
2003 "Пианист" Владислав Шпильман Эдриен Броуди
69%
2006 "Капоте" Трумен Капоте Филип Сеймур Хоффман
69%
2025 "Бруталист" Ласло Тот Эдриен Броуди
69%
1955 "В порту" Терри Маллой Марлон Брандо
62%
1973 "Крёстный отец" Вито Корлеоне Марлон Брандо
62%
1990 "Моя левая нога" Кристи Браун Дэниел Дэй-Льюис
62%
2002 "Тренировочный день" детектив Алонзо Харрис Дензел Вашингтон
62%
2004 "Таинственная река" Джимми Маркум Шон Пенн
62%
2008 "Нефть" Дэниел Плэйнвью Дэниел Дэй-Льюис
62%
2009 "Харви Милк" Харви Милк Шон Пенн
62%
2013 "Линкольн" Авраам Линкольн Дэниел Дэй-Льюис
62%
2017 "Манчестер у моря" Ли Чендлер Кейси Аффлек
62%
2018 "Тёмные времена" Уинстон Черчилль Гэри Олдмен
62%
2023 "Кит" Чарли Брендан Фрейзер
62%
2011 "Король говорит!" король Георг VI Колин Фёрт
54%
1935 "Это случилось однажды ночью" Питер Варн Кларк Гейбл
46%
1983 "Ганди" Махатма Ганди Бен Кингсли
46%
2007 "Последний король Шотландии" Иди Амин Форест Уитакер
46%
2012 "Артист" Джордж Валентин Жан Дюжарден
46%
2015 "Теория всего" Стивен Хокинг Эдди Рэдмейн
46%
2024 "Оппенгеймер" Роберт Оппенгеймер Киллиан Мёрфи
46%
1963 "Убить пересмешника" Аттикус Финч Грегори Пек
38%
1981 "Бешеный бык" Джейк Ламотта Роберт Де Ниро
38%
1996 "Покидая Лас-Вегас" Бен Сандерсон Николас Кейдж
38%
1999 "Жизнь прекрасна" Гвидо Орефиче Роберто Бениньи
38%
2005 "Рэй" Рэй Чарльз Джейми Фокс
38%
1952 "Африканская королева" Чарли Оллнат Хамфри Богарт
31%
1979 "Возвращение домой" Люк Мартин Джон Войт
31%
1982 "На золотом озере" Норман Тэйер-младший Генри Фонда
31%
1987 "Цвет денег" Эдди Фелсон Пол Ньюман
31%
1988 "Уолл-стрит" Гордон Гекко Майкл Дуглас
31%
1997 "Блеск" Дэвид Хельфготт (взрослый) Джеффри Раш
31%
2010 "Сумасшедшее сердце" Отис "Бэд" Блейк Джефф Бриджес
31%
1941 "Филадельфийская история" Макколи Коннор Джеймс Стюарт
23%
1942 "Сержант Йорк" Элвин К. Йорк Гэри Купер
23%
1949 "Гамлет" Гамлет, принц датский Лоренс Оливье
23%
1953 "Ровно в полдень" Уилл Кейн Гэри Купер
23%
1958 "Мост через реку Квай" полковник Николсон Алек Гиннесс
23%
1966 "Кэт Баллу" Кид Шелин / Тим Строн Ли Марвин
23%
1968 "Душной южной ночью" шеф полиции Билл Гиллеспи Род Стайгер
23%
1970 "Настоящее мужество" Рубен Дж. "Задира" Когберн Джон Уэйн
23%
1972 "Французский связной" детектив Джимми "Попай" Дойл Джин Хэкмен
23%
1974 "Спасите тигра" Гарри Стонер Джек Леммон
23%
1977 "Телесеть" Говард Бил Питер Финч
23%
1978 "До свидания, дорогая" Эллиот Гарфилд Ричард Дрейфус
23%
1985 "Амадей" Антонио Сальери Ф. Мюррей Абрахам
23%
1986 "Поцелуй женщины-паука" Луис Молина Уильям Хёрт
23%
1929 "Путь всякой плоти" Август Шиллинг Эмиль Яннингс
15%
1929 "Последний приказ" Великий князь Сергей Александрович Эмиль Яннингс
15%
1930 "В старой Аризоне" Сиско Кид Уорнер Бакстер
15%
1930 "Дизраэли" Бенджамин Дизраэли Джордж Арлисс
15%
1931 "Вольная душа" Стивен Эш Лайонел Берримор
15%
1932 "Доктор Джекилл и мистер Хайд" доктор Генри Джекилл / мистер Хайд Фредрик Марч
15%
1932 "Чемпион" Энди Перселл Уоллес Бири
15%
1934 "Частная жизнь Генриха VIII" король Генрих VIII Чарльз Лоутон
15%
1936 "Осведомитель" Джипо Нолан Виктор Маклаглен
15%
1937 "Повесть о Луи Пастере" Луи Пастер Пол Муни
15%
1938 "Отважные капитаны" Мануэль Фиделло Спенсер Трейси
15%
1939 "Город мальчиков" отец Флэнаган Спенсер Трейси
15%
1940 "До свиданья, мистер Чипс" Чарльз Эдвард Чиппинг Роберт Донат
15%
1943 "Янки Дудл Денди" Джордж М. Коэн Джеймс Кэгни
15%
1944 "Дозор на Рейне" Курт Мюллер Пол Лукас
15%
1945 "Идти своим путём" отец Чак О'Молли Бинг Кросби
15%
1946 "Потерянный уикэнд" Дон Бирнам Рэй Милланд
15%
1947 "Лучшие годы нашей жизни" Эл Стивенсон Фредрик Марч
15%
1948 "Двойная жизнь" Энтони Джон Рональд Колман
15%
1950 "Вся королевская рать" Вилли Старк Бродерик Кроуфорд
15%
1951 "Сирано де Бержерак" Сирано де Бержерак Хосе Феррер
15%
1954 "Лагерь для военнопленных №17" Дж. Дж. Сефтон Уильям Холден
15%
1956 "Марти" Марти Пилетти Эрнест Боргнайн
15%
1957 "Король и я" Монгкут Юл Бриннер
15%
1959 "За отдельными столиками" Дэвид Ангус Поллок Дэвид Нивен
15%
1960 "Бен-Гур" Иуда Бен-Гур Чарлтон Хестон
15%
1961 "Элмер Гантри" Элмер Гантри Берт Ланкастер
15%
1962 "Нюрнбергский процесс" Ганс Рольф Максимилиан Шелл
15%
1964 "Полевые лилии" Гомер Смит Сидни Пуатье
15%
1965 "Моя прекрасная леди" профессор Генри Хиггинс Рекс Харрисон
15%
1967 "Человек на все времена" Томас Мор Пол Скофилд
15%
1969 "Чарли" Чарли Гордон Клифф Робертсон
15%
1984 "Нежное милосердие" Мак Следж Роберт Дюваль
15%
1991 "Изнанка судьбы" Клаус фон Бюлов Джереми Айронс
15%
1971 "Паттон" генерал Джордж С. Паттон-младший Джордж К. Скотт
8%
1975 "Гарри и Тонто" Гарри Кумбс Арт Карни
8%
No matching quizzes found
Score Distribution
Percent of People with Each Score
Percentile by Number Answered
Your Score History
You have not taken this quiz